Library Logo

Pioneer International University Library Catalogue

All the President's men (Record no. 8870)

MARC details
000 -LEADER
fixed length control field 00973cam a2200313 4500
001 - CONTROL NUMBER
control field 1252331
003 - CONTROL NUMBER IDENTIFIER
control field OSt
005 - DATE AND TIME OF LATEST TRANSACTION
control field 20250901165747.0
008 - FIXED-LENGTH DATA ELEMENTS--GENERAL INFORMATION
fixed length control field 740613s1974 nyuc 001 0 eng
010 ## - LIBRARY OF CONGRESS CONTROL NUMBER
LC control number 73022334
020 ## - INTERNATIONAL STANDARD BOOK NUMBER
International Standard Book Number 067121781X
040 ## - CATALOGING SOURCE
Original cataloging agency DLC
Transcribing agency DLC
Modifying agency DLC
043 ## - GEOGRAPHIC AREA CODE
Geographic area code n-us---
-- n-us-dc
050 00 - LIBRARY OF CONGRESS CALL NUMBER
Classification number E 860 .B47 1974
Item number .B47
082 00 - DEWEY DECIMAL CLASSIFICATION NUMBER
Classification number 364.1/32/0973
100 1# - MAIN ENTRY--PERSONAL NAME
Personal name Bernstein, Carl,
Dates associated with a name 1944-
245 10 - TITLE STATEMENT
Title All the President's men
Statement of responsibility, etc. [by] Carl Bernstein [and] Bob Woodward.
260 ## - PUBLICATION, DISTRIBUTION, ETC.
Place of publication, distribution, etc. New York,
Name of publisher, distributor, etc. Simon and Schuster
Date of publication, distribution, etc. [1974]
300 ## - PHYSICAL DESCRIPTION
Extent 349 p.
Other physical details ports.
Dimensions 24 cm.
350 ## - PRICE (NR) (BK AM CF MU VM SE) [OBSOLETE]
Price $8.95
500 ## - GENERAL NOTE
General note "Portions of this book have appeared in Playboy magazine."
600 10 - SUBJECT ADDED ENTRY--PERSONAL NAME
Personal name Bernstein, Carl,
Dates associated with a name 1944-
600 10 - SUBJECT ADDED ENTRY--PERSONAL NAME
Personal name Woodward, Bob,
Dates associated with a name 1943-
630 00 - SUBJECT ADDED ENTRY--UNIFORM TITLE
Uniform title Washington post, times herald.
650 #0 - SUBJECT ADDED ENTRY--TOPICAL TERM
Topical term or geographic name entry element Watergate Affair, 1972-1974.
700 1# - ADDED ENTRY--PERSONAL NAME
Personal name Woodward, Bob,
Dates associated with a name 1943-
Relator term joint author.
906 ## - LOCAL DATA ELEMENT F, LDF (RLIN)
a 7
b cbc
c orignew
d 1
e ocip
f 19
g y-gencatlg
942 ## - ADDED ENTRY ELEMENTS (KOHA)
Source of classification or shelving scheme Library of Congress Classification
Koha item type Books
Holdings
Withdrawn status Lost status Source of classification or shelving scheme Damaged status Not for loan Home library Current library Shelving location Date acquired Total checkouts Full call number Barcode Date last seen Price effective from Koha item type
    Library of Congress Classification     Main Library Main Library   10/11/2024   E 860 .B47 1974 PIU0007681 10/11/2024 10/11/2024 Books